ბათუმის შოთა რუსთაველის სახელმწიფო უნივერსიტეტის ბიბლიოთეკა

წრფივი ალგებრა:სალექციო კურსი (ბიბ.ჩანაწერი № 51590)

000 -LEADER
fixed length control field 00882nam a2200229Ia 4500
001 - CONTROL NUMBER
control field 18581
003 - CONTROL NUMBER IDENTIFIER
control field GE_BSU
008 - FIXED-LENGTH DATA ELEMENTS--GENERAL INFORMATION
fixed length control field 181216s||||||||xx |||||||||||||| ||und||
040 ## - CATALOGING SOURCE
Transcribing agency GE_BSU
080 ## - UNIVERSAL DECIMAL CLASSIFICATION NUMBER
Universal Decimal Classification number 512(042.4)
100 ## - MAIN ENTRY--PERSONAL NAME
Personal name ყარალაშვილი,ლიანა
245 ## - TITLE STATEMENT
Title წრფივი ალგებრა:სალექციო კურსი
260 ## - PUBLICATION, DISTRIBUTION, ETC.
Place of publication, distribution, etc. თბილისი
260 ## - PUBLICATION, DISTRIBUTION, ETC.
Name of publisher, distributor, etc. საქართველოს უნ-ტის გამ-ბა
260 ## - PUBLICATION, DISTRIBUTION, ETC.
Date of publication, distribution, etc. 2015
300 ## - PHYSICAL DESCRIPTION
Extent 180გვ;27სმ.
653 ## - INDEX TERM--UNCONTROLLED
Uncontrolled term ალგებრა
653 ## - INDEX TERM--UNCONTROLLED
Uncontrolled term მათემატიკა
653 ## - INDEX TERM--UNCONTROLLED
Uncontrolled term წრფივ განტოლებათა სისტემები,მატრიცული ჩაწერა,
653 ## - INDEX TERM--UNCONTROLLED
Uncontrolled term წრფივი ალგებრა:სალექციო კურსი
942 ## - ADDED ENTRY ELEMENTS (KOHA)
Koha item type წიგნი
ეგზემპლარები
Withdrawn status Lost status Damaged status Not for loan Date acquired Barcode Date last seen Price effective from Koha item type
        2018-12-17 48029 2018-12-17 2018-12-17 წიგნი
        2018-12-17 48030 2018-12-17 2018-12-17 წიგნი